00934nam a2200253 a 450000100100000000500170001000800410002704000250006808200170009310000380011024500530014825000120020126000370021330000360025059000260028665000200031265000250033265000240035791000370038104900090041895201150042795201210054299900170066300002536420250612104112.0110215s19uu dr ac 001 0 spa d aDO-SdBNPbspacBNPHU a291.3bV732y1 aVillegas Quesada, Efraín95193910aTransformación radical /cEfraín Villegas Q. a2ª ed. aSanto Domingo :bLysol,c[199?]. a276 p. :bil., retrs. ;c20 cm. aInventariado, 2018/VM 4aOcultismo92395 0aMente y cuerpo92740 4aRacionalismo934112 aValidado. Control de calidad EMS aBNPD 0010718PDaPDbPDcHDd2011-02-15iLF1l0o291.3 V732yp25364-10r2020-06-25w2020-06-25yLFPDZNo se presta 0010718PDaPDbPDcHDd2013-05-23iLF1l0o291.3 V732yp25364-20r2020-06-25te. 2w2020-06-25yLFPDZNo se presta c24856d24856